00632cam a22002054a 450000500170000000800410001701000140005802000260007203500130009803700130011104000080012408200120013210000240014424500680016826000490023627000460028530000250033150000200035650400500037620090520130108.0091207t xxu||||| |||| 00| 0 eng d aENG-95591 a9788183701693c700.00 aEN-79124 bDBAD/PUB aDPL a320.954 aSingh, K. Indramani aPolitics of presidential rule in India /cby K. Indramani Singh aNew Delhi :bAkansha publishing housec2009. a4649-B/21, Ansari roadbNew Delhie110002 a234 p. ;c22 cm.(Hb) aIncludes index. aIncludes bibliographical references and Index